Central Library OPAC University of Rajshahi

James Joyce: Dubliners and A portrait of the artist as a young man; (Record no. 63045)

MARC details
000 -LEADER
fixed length control field 00953nam a2200289 a 4500
001 - CONTROL NUMBER
control field 63045
003 - CONTROL NUMBER IDENTIFIER
rucl marc code BD-RjUL
005 - DATE AND TIME OF LATEST TRANSACTION
control field 20211209081144.0
008 - FIXED-LENGTH DATA ELEMENTS--GENERAL INFORMATION
fixed length control field 170128s1973 enk b 001 0 eng
020 ## - INTERNATIONAL STANDARD BOOK NUMBER
International Standard Book Number 0333140311
International Standard Book Number 0333140338 (pbk.)
035 ## - SYSTEM CONTROL NUMBER
System control number (BD-RjUL)63173
040 ## - CATALOGING SOURCE
Original cataloging agency DLC
Transcribing agency DLC
Modifying agency BD-RjUL
Language of cataloging eng
041 ## - LANGUAGE CODE
Language code of text/sound track or separate title eng
082 00 - DEWEY DECIMAL CLASSIFICATION NUMBER
Classification number 823.912
Edition number 23
Author mark and year JAM 1982
100 1# - MAIN ENTRY--PERSONAL NAME
Personal name Beja, Morris,
9 (RLIN) 187553
245 10 - TITLE STATEMENT
Title James Joyce: Dubliners and A portrait of the artist as a young man;
Remainder of title a casebook /
Statement of responsibility, etc. edited by Morris Beja.
260 ## - PUBLICATION, DISTRIBUTION, ETC. (IMPRINT)
Place of publication, distribution, etc. London :
Name of publisher, distributor, etc. Macmillan,
Date of publication, distribution, etc. c1973 [reprinted 1982]
300 ## - PHYSICAL DESCRIPTION
Pagination 256 p. ;
Size 20 cm.
350 ## - PRICE (NR) (BK AM CF MU VM SE) [OBSOLETE]
Price £2.50
490 0# - SERIES STATEMENT
Series statement Casebook series
504 ## - BIBLIOGRAPHY, ETC. NOTE
Bibliography, etc Include Bibliography and index
600 10 - SUBJECT ADDED ENTRY--PERSONAL NAME
Personal name Joyce, James,
Dates associated with a name 1882-1941.
Title of a work Portrait of the artist as a young man.
Personal name Joyce, James,
Dates associated with a name 1882-1941.
Title of a work Dubliners.
651 #0 - SUBJECT ADDED ENTRY--GEOGRAPHIC NAME
Geographic name Dublin (Ireland)
General subdivision In literature.
9 (RLIN) 187272
942 ## - ADDED ENTRY ELEMENTS (KOHA)
Source of classification or shelving scheme Dewey Decimal Classification
Koha item type Books
Holdings
Lost status Source of classification or shelving scheme Damaged status Not for loan Collection code Permanent Location Current Location Shelving location Date acquired Source of acquisition Cost, normal purchase price Total Checkouts Full call number Date last seen Copy number Koha item type
  Dewey Decimal Classification   Not For Loan Fiction Central Library, University of Rajshahi Central Library, University of Rajshahi Reading Room 22/05/1983 Helfers 3.95   823.912 JAM 1982 28/01/2017 C-1 Books